| 000 | 00900cab a2200277 4500 | ||
|---|---|---|---|
| 001 | WB3301-63 | ||
| 008 | 090401t1996 xxu||||| |||| 00| 0 eng d | ||
| 035 | _a(Sirsi) u13216 | ||
| 041 | _aeng | ||
| 245 | _aHidden clients and disclaimers | ||
| 260 | _c1996 | ||
| 350 | _a0 | ||
| 490 |
_aEstates Gazette _v(9650) 14 December 1996, 97(1) |
||
| 520 | _aUses case law to illustrate the risk of incurring liability to third parties as well as clients when acting negligently. | ||
| 650 | _aASSURED ADVANCES LTD V ASHBEE & CO | ||
| 650 | _aDUTY OF CARE | ||
| 650 | _aNEGLIGENCE | ||
| 650 | _aOMEGA TRUST CO LTD V WRIGHT SON & PEPPER | ||
| 650 | _aSCOTLIFE HOME LOANS (NO 2) LTD V GIBSON MACNEILE | ||
| 650 | _aSMITH V CARTER | ||
| 650 | _aSMITH V ERIC S BUSH | ||
| 650 | _aVALUERS | ||
| 690 | _aMANAGEMENT-BUSINESS MANAGEMENT-PROFESSIONAL PRACTICE | ||
| 942 | _n0 | ||
| 948 | _c04/03/1997 | ||
| 999 |
_c8508 _d8508 |
||